| 000 | 00679nam a2200205 i 4500 | ||
|---|---|---|---|
| 001 | 37921 | ||
| 003 | ES-MaACL | ||
| 005 | 20230906155651.0 | ||
| 007 | t| | ||
| 008 | 030224s1929 sp ||||1| spa d | ||
| 100 | 1 |
_aCaillas, Alin. _933458 |
|
| 245 | 1 | 0 |
_aEnfermedades de las abejas _b: como reconocerlas, como curarlas / _cpor Alin Caillas ; traducción del original francés inédito por José Chocomeli. |
| 260 |
_aBarcelona : _bSalvat, _c1929. |
||
| 300 |
_a106 p. : _bil. ; _c21 cm. |
||
| 490 | 1 | _aBiblioteca agrícola Salvat | |
| 700 | 1 |
_aChocomeli, José. _938583 |
|
| 830 | 0 |
_aBiblioteca agrícola Salvat _9181672 |
|
| 852 |
_aES-MaACL _jA-1115 |
||
| 999 |
_c37921 _d37921 |
||